Milyen legyen az osztályfőnöki munkaterv?
Elmentve itt :
| Dokumentumtípus: | Cikk |
|---|---|
| Megjelent: |
1980
|
| Sorozat: | Módszertani közlemények
20 No. 4 |
| Kulcsszavak: | Neveléstudomány |
| Online Access: | http://acta.bibl.u-szeged.hu/26881 |
| LEADER | 00564nab a2200169 i 4500 | ||
|---|---|---|---|
| 001 | acta26881 | ||
| 005 | 20210224114158.0 | ||
| 008 | 161017s1980 hu o 0|| hun d | ||
| 022 | |a 0544-7224 | ||
| 040 | |a SZTE Egyetemi Kiadványok Repozitórium |b hun | ||
| 041 | |a hun | ||
| 245 | 0 | 0 | |a Milyen legyen az osztályfőnöki munkaterv? |h [elektronikus dokumentum] |
| 260 | |c 1980 | ||
| 300 | |a 259-263 | ||
| 490 | 0 | |a Módszertani közlemények |v 20 No. 4 | |
| 695 | |a Neveléstudomány | ||
| 856 | 4 | 0 | |u http://acta.bibl.u-szeged.hu/26881/1/modszertani_020_004_259-263.pdf |z Dokumentum-elérés |